| 000 | 01280nam a22003137a 4500 | ||
|---|---|---|---|
| 005 | 20120830105218.0 | ||
| 008 | 120830t xxu||||| |||| 00| 0 eng d | ||
| 010 | _aENG-105697 | ||
| 020 |
_a9780198087342 _c950.00 |
||
| 020 |
_a0198087349 _c950.00 |
||
| 035 | _aEN-89230 | ||
| 037 | _bDBAD/PUB | ||
| 040 |
_bEng _aDPL |
||
| 082 | 0 | 4 | _a344.54046 |
| 100 | 1 |
_aSahasranaman, P. B. _951782 |
|
| 245 | 1 | 0 |
_aHandbook of environmental law / _cby P.B. Sahasranaman |
| 246 | 3 | _aHand book of environmental law | |
| 250 | _a2nd ed | ||
| 260 |
_aNew Delhi _bOxford University Press _c2012 |
||
| 270 |
_aYMCA Library Building, 1 Jai Singh Road _bNew Delhi _e110001 |
||
| 300 |
_axiii, 352p. _c25 m(Hb) |
||
| 500 | _aIncludes bibliographical references and indexes | ||
| 505 | 0 | _a1. Development of environmental jurisprudence -- 2. Dealing with different kinds of pollution : law and policy -- 3. The environment and the tasks ahead. | |
| 650 | 0 |
_aEnvironmental law _zIndia. _951783 |
|
| 650 | 0 |
_aEnvironmental protection _zIndia. _951784 |
|
| 942 |
_2ddc _cEN _h344.54046 _mSAH |
||
| 999 |
_c69534 _d69534 |
||